000 03866nam a22004451 4500
005 20050808122104.0
008 721219s1962 nyu 000 0 eng
010 _aENG-93802
020 _a9788190659659
_c400.00
035 _aEN-77335
035 _aB-341070-082
037 _bDBAD / PUB
037 _bPriyanka Prakashan
040 _adpl
_bEnglish
082 _a021.7
100 _aMangani Parsad Singh
245 _aLibrary public relations /
_cby Mangani Parsad Singh
260 _aNew Delhi
_bPriyanka Prakashan
_c2008
270 _aL-20/13, Gali No.5, Shivaji Marg, Kartar Nagar,
_bDelhi
_e110053
300 _aviii, 280 p.
_c23cm. (Hb)
500 _aincludes glossary, bibliographical references & index
650 _aLibraries
_xPublic relations
650 _aLibraries and community
942 _cEN
_h021.7
_mMAN
_2ddc
999 _c24452
_d24452